[Event "Novgorod"]
[Site "?"]
[Date "1997.??.??"]
[Round "?"]
[White "Topalov, V."]
[Black "Kramnik, Vladimir"]
[Result "1/2-1/2"]
[WhiteElo "2725"]
[BlackElo "2740"]
[PlyCount "42"]
[EventDate "1997.??.??"]
[Source "ChessBase"]
[SourceDate "1997.06.01"]

1. e4 c5 2. Nf3 d6 3. d4 cxd4 4. Nxd4 Nf6 5. Nc3 Nc6 6. Bc4 Qb6 7. Nxc6 bxc6 8. O-O g6 9. e5 dxe5 10. Qe2 Qd4 11. Be3 Qd6 12. Rad1 Qc7 13. f4 Bg4 14. Qf2 e4 15. Rde1 Bf5 16. h3 h5 17. Bd4 Bg7 18. b3 O-O 19. Bxf6 Bxf6 20. Nxe4 Bxe4 21. Rxe4 Qb6 1/2-1/2

[Event "Eastern Class Ch Woburn"]
[Site "?"]
[Date "1998.??.??"]
[Round "2"]
[White "Christiansen, Larry M"]
[Black "Yermolinsky, Alex"]
[Result "1/2-1/2"]
[WhiteElo "2650"]
[BlackElo "2690"]
[PlyCount "49"]
[EventDate "1998.??.??"]
[Source "www.chesslib.no"]
[SourceDate "2004.05.04"]

1. e4 c5 2. Nf3 d6 3. d4 cxd4 4. Nxd4 Nf6 5. Nc3 Nc6 6. Bc4 Qb6 7. Nxc6 bxc6 8. O-O e6 9. Qe2 Nd7 10. Qh5 Qc5 11. Qxc5 Nxc5 12. b4 Ba6 13. Bxa6 Nxa6 14. Rb1 Be7 15. Be3 Nc7 16. a4 Kd7 17. Rfd1 Rhb8 18. b5 cxb5 19. Nxb5 a6 20. Nxc7 Kxc7 21. Kf1 Rxb1 22. Rxb1 Rb8 23. Rxb8 Kxb8 24. Ke2 Kb7 25. Kd3 1/2-1/2

[Event "Europa ch 2008"]
[Site "Plovdiv BUL"]
[Date "2008.04.29"]
[Round "8.20"]
[White "Fressinet, Laurent"]
[Black "Kozul, Zdenko"]
[Result "1-0"]
[WhiteElo "2656"]
[BlackElo "2583"]
[PlyCount "71"]
[EventDate "2008.04.21"]
[Source "www.chesslib.no"]
[SourceDate "2004.05.04"]

1. e4 c5 2. Nf3 d6 3. d4 cxd4 4. Nxd4 Nf6 5. Nc3 Nc6 6. Bc4 Qb6 7. Nb3 e6 8. Bf4 Ne5 9. Be2 Bd7 10. Qd2 Be7 11. O-O-O Rc8 12. f3 O-O 13. g4 Rfd8 14. Kb1 Qc7 15. Bg3 a6 16. g5 Ne8 17. f4 Nc4 18. Bxc4 Qxc4 19. f5 Bf8 20. Rhf1 g6 21. fxg6 fxg6 22. Qf2 Bg7 23. Qf7+ Kh8 24. Qe7 e5 25. Nd5 h5 26. gxh6 Bxh6 27. Qh4 Kg7 28. Qe7+ Kh8 29. Bh4 Bg4 30. Rf8+ Bxf8 31. Qxf8+ Kh7 32. Rf1 Bf5 33. Ne3 Qxe4 34. Nxf5 gxf5 35. Rg1 f4 36. Qg8+ 1-0

[Event "Europa ch 2008"]
[Site "Plovdiv BUL"]
[Date "2008.04.23"]
[Round "3.2"]
[White "Areshchenko, Alexander"]
[Black "Kozul, Zdenko"]
[Result "1/2-1/2"]
[WhiteElo "2650"]
[BlackElo "2583"]
[PlyCount "128"]
[EventDate "2008.04.21"]
[Source "www.chesslib.no"]
[SourceDate "2004.05.04"]

1. e4 c5 2. Nf3 d6 3. d4 cxd4 4. Nxd4 Nf6 5. Nc3 Nc6 6. Bc4 Qb6 7. Nb3 e6 8. Bf4 Ne5 9. Be2 Bd7 10. Qd2 Be7 11. f3 O-O 12. g4 Rfc8 13. O-O-O Be8 14. Be3 Qd8 15. g5 Nfd7 16. Nb5 Nb6 17. Nxd6 Bxd6 18. Bxb6 axb6 19. Qxd6 Qxg5+ 20. Kb1 Qg2 21. Nd4 Ng6 22. Qg3 Qxg3 23. hxg3 Rd8 24. Nb5 Bxb5 25. Bxb5 Ne7 26. f4 h5 27. a4 g6 28. c3 Kf8 29. b4 Ng8 30. Kc2 Nf6 31. Rxd8+ Rxd8 32. Re1 e5 33. fxe5 Ng4 34. Bc4 Nxe5 35. Bd5 Rd7 36. c4 Ke7 37. Kc3 Rc7 38. Rf1 f6 39. Kd4 Nc6+ 40. Kc3 Ne5 41. Ra1 Kd6 42. c5+ bxc5 43. b5 b6 44. a5 Ra7 45. a6 Ke7 46. Bb7 Nf7 47. Kc4 Nd6+ 48. Kd5 Nxb7 49. Kc6 Nd6 50. Kxb6 Ra8 51. Kxc5 Rc8+ 52. Kb4 Kd7 53. Rd1 Kc7 54. b6+ Kxb6 55. Rxd6+ Ka7 56. Rxf6 Re8 57. Rxg6 Rxe4+ 58. Kb5 h4 59. Rg7+ Ka8 60. g4 h3 61. g5 h2 62. Rh7 Re5+ 63. Kb6 Re6+ 64. Kc5 Rg6 1/2-1/2

[Event "Reykjavik (m/1) 87/222"]
[Site "?"]
[Date "2003.??.??"]
[Round "?"]
[White "Movsesian, S."]
[Black "Stefansson, H."]
[Result "1-0"]
[WhiteElo "2663"]
[BlackElo "2569"]
[PlyCount "81"]
[EventDate "2003.??.??"]
[Source "Chess Informant"]
[SourceDate "2003.02.01"]

1. e4 c5 2. Nf3 d6 3. d4 cxd4 4. Nxd4 Nf6 5. Nc3 Nc6 6. Bc4 Qb6 7. Nb3 e6 8. O-O Be7 9. Kh1 Qc7 10. Bd3 a6 11. f4 O-O 12. Qf3 b5 13. Bd2 Bb7 14. Qh3 Rfd8 15. a4 b4 16. Nd1 d5 17. e5 Ne4 18. Ne3 Na5 19. Nxa5 Qxa5 20. f5 exf5 21. Qxf5 Rf8 22. e6 Qc5 23. exf7+ Kh8 24. Rae1 Rad8 25. Bc1 Nf6 26. Qh3 Bc8 27. Qh4 Ne4 28. Qh5 Be6 29. Ng4 Bxg4 30. Qxg4 Bf6 31. Bxe4 dxe4 32. Qe6 Rd6 33. Qxe4 Rc6 34. Be3 Qc4 35. Bf4 Qxe4 36. Rxe4 g5 37. Be3 Kg7 38. Rxb4 Rxc2 39. Rb6 Be5 40. Re6 Bf4 41. Bd4+ 1-0

[Event "Groningen (open)"]
[Site "?"]
[Date "1996.??.??"]
[Round "?"]
[White "Milos, Gilberto"]
[Black "Yermolinsky, A."]
[Result "0-1"]
[WhiteElo "2605"]
[BlackElo "2610"]
[PlyCount "114"]
[EventDate "1996.??.??"]
[Source "ChessBase"]
[SourceDate "1996.10.01"]

1. e4 c5 2. Nf3 d6 3. d4 cxd4 4. Nxd4 Nf6 5. Nc3 Nc6 6. Bc4 Qb6 7. Nb3 e6 8. Bf4 Ne5 9. Bb5+ Bd7 10. Bxd7+ Nfxd7 11. Qe2 a6 12. O-O Qc7 13. Rae1 Be7 14. Bc1 g5 15. Kh1 h5 16. Nd4 O-O-O 17. f3 h4 18. f4 gxf4 19. Bxf4 Nf6 20. h3 Nh5 21. Nf5 Rdg8 22. Nxe7+ Qxe7 23. Rd1 Rg3 24. Qf2 Rhg8 25. Bxg3 Nxg3+ 26. Kh2 Nxf1+ 27. Rxf1 Qg5 28. Nd1 Kd7 29. Ne3 Qg3+ 30. Qxg3 hxg3+ 31. Kg1 Rc8 32. c3 b5 33. Rd1 Rh8 34. Nf1 Rg8 35. Rd2 f5 36. exf5 exf5 37. Ne3 Rf8 38. Kf1 f4 39. Ng4 Ke6 40. Rd1 Nc4 41. b3 Ne5 42. Ke2 Rc8 43. Rd4 Kf5 44. Rxd6 Nxg4 45. hxg4+ Kxg4 46. Rg6+ Kf5 47. Rxa6 Rxc3 48. Ra8 Rc2+ 49. Kf1 Rf2+ 50. Kg1 b4 51. Rf8+ Ke5 52. Re8+ Kd4 53. Rd8+ Kc3 54. Rc8+ Kb2 55. Ra8 Rc2 56. Kf1 Rc1+ 57. Ke2 Ra1 0-1

[Event "USA (ch)"]
[Site "?"]
[Date "1997.??.??"]
[Round "?"]
[White "Christiansen, L."]
[Black "Yermolinsky, A."]
[Result "1-0"]
[WhiteElo "2550"]
[BlackElo "2650"]
[PlyCount "95"]
[EventDate "1997.??.??"]
[Source "ChessBase"]
[SourceDate "1997.06.01"]

1. e4 c5 2. Nf3 d6 3. d4 cxd4 4. Nxd4 Nf6 5. Nc3 Nc6 6. Bc4 Qb6 7. Ndb5 a6 8. Be3 Qa5 9. Nd4 Ne5 10. Nb3 Qc7 11. Be2 e6 12. f4 Nc6 13. g4 b5 14. g5 Nd7 15. Bf3 Bb7 16. Qe2 b4 17. Na4 a5 18. c4 Be7 19. O-O O-O 20. Rac1 Rfd8 21. Qf2 Nc5 22. Naxc5 dxc5 23. Nxc5 Bxc5 24. Bxc5 Qxf4 25. Be3 Qe5 26. Bg2 Rd7 27. Rcd1 Qc7 28. Bb6 Qc8 29. Qf4 e5 30. Qf5 Nd4 31. Qxe5 Ne6 32. b3 a4 33. Be3 axb3 34. axb3 Qd8 35. Rd5 Qe7 36. c5 Nc7 37. Qxe7 Rxe7 38. Rd4 Rae8 39. Bf4 Ne6 40. Rxb4 Nxf4 41. Rxf4 Rc8 42. Rb5 Bc6 43. Rb6 Re5 44. Rf5 Ree8 45. Rf2 Re5 46. Bh3 Rc7 47. Rb8+ Be8 48. c6 1-0

[Event "Corus-B"]
[Site "Wijk aan Zee"]
[Date "2003.01.15"]
[Round "4"]
[White "Hector, Jonny"]
[Black "Zhang Zhong"]
[Result "0-1"]
[WhiteElo "2570"]
[BlackElo "2624"]
[PlyCount "122"]
[EventDate "2003.01.14"]
[Source "ChessBase"]
[SourceDate "2003.04.01"]

1. e4 c5 2. Nf3 d6 3. d4 cxd4 4. Nxd4 Nf6 5. Nc3 Nc6 6. Bc4 Qb6 7. Ndb5 a6 8. Be3 Qa5 9. Nd4 Ne5 10. Nb3 Qc7 11. Bd3 e6 12. f4 Nc4 13. Bxc4 Qxc4 14. Qd3 Qc7 15. a4 Be7 16. a5 O-O 17. O-O Bd7 18. Bb6 Qc8 19. e5 dxe5 20. fxe5 Ng4 21. Qg3 f5 22. exf6 Nxf6 23. Rad1 Be8 24. Rfe1 Bf7 25. Bd4 Bg6 26. Rd2 Rf7 27. Qe3 Nh5 28. Bc5 Bf6 29. Qxe6 Qxe6 30. Rxe6 Nf4 31. Re1 h6 32. Nd4 Rc8 33. Bb6 Rd7 34. g3 Nh3+ 35. Kg2 Ng5 36. h4 Nf7 37. Ne4 Bxe4+ 38. Rxe4 Nd6 39. Nf5 Nxe4 40. Rxd7 Rxc2+ 41. Kf3 Nd2+ 42. Kg4 Nc4 43. Ne7+ Kf7 44. Nc6+ Ke6 45. Rxb7 Rxb2 46. Kh5 Kd5 47. Ne7+ Ke4 48. Nc8 Kf3 49. Rc7 Rb5+ 50. Kg6 Nxa5 51. Bc5 Rb7 52. Rxb7 Nxb7 53. Bf8 Kxg3 54. h5 Kg4 55. Nb6 a5 56. Nd5 Bd4 57. Ne7 Bc5 58. Bxg7 Bxe7 59. Kxh6 Kf5 60. Kh7 Bf6 61. h6 Nd8 0-1

[Event "Campionato europeo 2007"]
[Site "Dresda GER"]
[Date "2007.04.05"]
[Round "3"]
[White "Areshchenko, Alexander"]
[Black "Jankovic, Alojzije"]
[Result "1/2-1/2"]
[WhiteElo "2647"]
[BlackElo "2541"]
[PlyCount "47"]
[EventDate "2007.04.03"]
[Source "www.chesslib.no"]
[SourceDate "2004.05.04"]

1. e4 c5 2. Nf3 d6 3. d4 cxd4 4. Nxd4 Nf6 5. Nc3 Nc6 6. Bc4 Qb6 7. Nxc6 bxc6 8. O-O g6 9. Qe1 Qc7 10. b3 Bg7 11. Bb2 O-O 12. Kh1 Bb7 13. Bd3 e5 14. Na4 Nh5 15. Rd1 f5 16. c4 Nf4 17. Bb1 fxe4 18. Bxe4 d5 19. Nc5 dxe4 20. Rd7 Qb6 21. Na4 Qa6 22. Nc5 Qb6 23. Na4 Qa6 24. Nc5 1/2-1/2

[Event "60th ch-RUS Higher League"]
[Site "Krasnoyarsk RUS"]
[Date "2007.09.09"]
[Round "6"]
[White "Nepomniachtchi, I."]
[Black "Vorobiov, E."]
[Result "1/2-1/2"]
[WhiteElo "2613"]
[BlackElo "2572"]
[PlyCount "77"]
[EventDate "2007.09.03"]
[Source "www.chesslib.no"]
[SourceDate "2004.05.04"]

1. e4 c5 2. Nf3 d6 3. d4 cxd4 4. Nxd4 Nf6 5. Nc3 Nc6 6. Bc4 Qb6 7. Nb3 e6 8. Bf4 Ne5 9. Be2 Bd7 10. g4 h6 11. Rg1 Rc8 12. Be3 Qc7 13. h4 Nc4 14. Bxc4 Qxc4 15. f3 d5 16. g5 hxg5 17. hxg5 Nh5 18. Qd2 Bb4 19. Bd4 a5 20. a3 Bxc3 21. Bxc3 a4 22. Na5 Qc7 23. exd5 b6 24. Nc6 Bxc6 25. dxc6 Rd8 26. Qf2 Nf4 27. Qe3 Rd5 28. g6 Nxg6 29. Rd1 Qxc6 30. Rxd5 Qxd5 31. Qxb6 Qxf3 32. Qb5+ Kd8 33. Qb6+ Kc8 34. Qa6+ Kb8 35. Qb5+ Kc8 36. Qc4+ Kb7 37. Qb5+ Kc8 38. Qc4+ Kb7 39. Qb5+ 1/2-1/2

[Event "It (Open) Canada De Calatrava ESP"]
[Site "?"]
[Date "2006.04.16"]
[Round "9"]
[White "Savchenko Boris"]
[Black "Damljanovic Branko"]
[Result "0-1"]
[WhiteElo "2568"]
[BlackElo "2615"]
[PlyCount "68"]
[EventDate "2006.??.??"]
[Source "www.chesslib.no"]
[SourceDate "2004.05.04"]

1. e4 c5 2. Nf3 d6 3. d4 cxd4 4. Nxd4 Nf6 5. Nc3 Nc6 6. Bc4 Qb6 7. Nb3 e6 8. Qe2 a6 9. a4 Qc7 10. a5 Ne5 11. Bd3 Bd7 12. Be3 Rc8 13. O-O Be7 14. f4 Nxd3 15. cxd3 Bc6 16. Nd2 O-O 17. Kh1 Rfe8 18. Nc4 d5 19. Bb6 Qb8 20. Ne5 dxe4 21. dxe4 Nd7 22. Nxd7 Bxd7 23. Rad1 Bc6 24. Qg4 Bf6 25. e5 Bd8 26. Rd6 Bxb6 27. axb6 Rcd8 28. Rfd1 Rxd6 29. Rxd6 a5 30. Qd1 Qa8 31. Qd4 a4 32. Qb4 Qa6 33. Qc5 Qf1+ 34. Qg1 Bxg2# 0-1

[Event "World op"]
[Site "Philadelphia"]
[Date "1996.??.??"]
[Round "?"]
[White "Smirin, Ilia"]
[Black "Yermolinsky, Alex"]
[Result "1/2-1/2"]
[WhiteElo "2615"]
[BlackElo "2565"]
[PlyCount "59"]
[EventDate "1996.??.??"]
[Source "www.chesslib.no"]
[SourceDate "2004.05.04"]

1. e4 c5 2. Nf3 d6 3. d4 cxd4 4. Nxd4 Nf6 5. Nc3 Nc6 6. Bc4 Qb6 7. Nb3 e6 8. Bf4 Ne5 9. Be2 Bd7 10. O-O Be7 11. Be3 Qc7 12. Nd2 Bc6 13. a4 O-O 14. f4 Ned7 15. Bf3 Rfd8 16. Nb5 Bxb5 17. axb5 d5 18. e5 Bc5 19. Qe2 Ne8 20. c3 Qb6 21. Bxc5 Qxc5+ 22. Kh1 Nc7 23. c4 dxc4 24. Bxb7 Rab8 25. Ne4 Qb4 26. Bc6 Nxb5 27. Bxb5 Qxb5 28. Rxa7 Qxb2 29. Qxc4 Rdc8 30. Qd3 1/2-1/2

[Event "ch-CRO"]
[Site "Split CRO"]
[Date "2008.01.19"]
[Round "4"]
[White "Palac, M."]
[Black "Kozul, Z."]
[Result "1/2-1/2"]
[WhiteElo "2575"]
[BlackElo "2600"]
[PlyCount "112"]
[EventDate "2008.01.16"]
[Source "www.chesslib.no"]
[SourceDate "2004.05.04"]

1. e4 c5 2. Nf3 d6 3. d4 cxd4 4. Nxd4 Nf6 5. Nc3 Nc6 6. Bc4 Qb6 7. Nb3 e6 8. Bf4 Ne5 9. Be2 Bd7 10. Be3 Qc7 11. Nd2 Bc6 12. f4 Ned7 13. a4 Be7 14. O-O O-O 15. Bf3 Rfd8 16. Qe2 Nf8 17. Nb3 e5 18. Rad1 exf4 19. Bxf4 N6d7 20. Nd4 Ne5 21. Ndb5 Qb8 22. Nd5 Bxd5 23. Rxd5 Ne6 24. Bg3 a6 25. Nc3 Re8 26. Rdd1 Qc8 27. Nd5 Bd8 28. b3 Qc6 29. Kh1 a5 30. Qf2 Rf8 31. Qd2 Rc8 32. c3 Nc7 33. Bxe5 dxe5 34. Bg4 Rb8 35. Bd7 Qg6 36. Bf5 Qc6 37. Bd7 Qg6 38. Bf5 Qa6 39. Bd7 Nxd5 40. Qxd5 Bf6 41. Qc5 b6 42. Qe3 Rbd8 43. Bb5 Qb7 44. Bc4 Rxd1 45. Rxd1 Be7 46. Rd5 Qc7 47. Qd3 Rd8 48. Rxd8+ Bxd8 49. Qd5 g6 50. g3 Kg7 51. Kg2 h5 52. h4 Qe7 53. Qc6 Bc7 54. Kf3 Qd8 55. Ke2 Bd6 56. Qb7 Be7 1/2-1/2

[Event "Chicago op"]
[Site "Chicago"]
[Date "1997.??.??"]
[Round "4"]
[White "Hernandez, Gilberto"]
[Black "Yermolinsky, Alex"]
[Result "1/2-1/2"]
[WhiteElo "2540"]
[BlackElo "2630"]
[PlyCount "99"]
[EventDate "1997.05.26"]
[Source "www.chesslib.no"]
[SourceDate "2004.05.04"]

1. e4 c5 2. Nf3 d6 3. d4 cxd4 4. Nxd4 Nf6 5. Nc3 Nc6 6. Bc4 Qb6 7. Nxc6 bxc6 8. O-O e6 9. Qe2 Nd7 10. Na4 Qa5 11. b3 Ne5 12. Bd2 Qc7 13. Ba6 Bxa6 14. Qxa6 Be7 15. f4 Nd7 16. Rad1 O-O 17. Ba5 Qc8 18. Qe2 Re8 19. c4 d5 20. Qd3 Nc5 21. Nxc5 Bxc5+ 22. Kh1 Qa6 23. Bc3 Rad8 24. cxd5 Qxd3 25. Rxd3 exd5 26. exd5 Rxd5 27. Rg3 g6 28. h3 Re3 29. Rxe3 Bxe3 30. Re1 Rd3 31. Be5 f5 32. Re2 Kf7 33. g3 h5 34. Kg2 c5 35. Bb8 a6 36. Ba7 h4 37. gxh4 Bxf4 38. Bxc5 Rg3+ 39. Kf1 Rxh3 40. Bf2 Rd3 41. Rc2 Ke6 42. Be1 Rh3 43. Rc4 Bd6 44. Ba5 Rh1+ 45. Kg2 Rh2+ 46. Kf3 Rxa2 47. Bb4 Rb2 48. Bxd6 Rxb3+ 49. Kf4 Kxd6 50. h5 1/2-1/2

[Event "5. Memorial Narciso Yepes"]
[Site "Lorca"]
[Date "2004.06.27"]
[Round "4"]
[White "Spraggett, Kevin"]
[Black "Damljanovic, Branko"]
[Result "1/2-1/2"]
[WhiteElo "2586"]
[BlackElo "2583"]
[PlyCount "35"]
[EventDate "2000.06.26"]
[Source "Roberto Alvarez"]
[SourceDate "2004.07.12"]

1. e4 c5 2. Nf3 d6 3. d4 cxd4 4. Nxd4 Nf6 5. Nc3 Nc6 6. Bc4 Qb6 7. Ndb5 a6 8. Be3 Qa5 9. Nd4 Ne5 10. Nb3 Qc7 11. Bd3 e6 12. f4 Nc4 13. Bxc4 Qxc4 14. Qd3 Qxd3 15. cxd3 Bd7 16. Kd2 Be7 17. a4 O-O 18. h3 1/2-1/2

[Event "Baden-Baden"]
[Site "Baden-Baden"]
[Date "1992.??.??"]
[Round "9"]
[White "Wahls, Matthias"]
[Black "Lobron, Eric"]
[Result "1-0"]
[WhiteElo "2540"]
[BlackElo "2625"]
[PlyCount "59"]
[EventDate "1992.12.??"]
[Source "ChessBase"]

1. e4 c5 2. Nf3 d6 3. d4 cxd4 4. Nxd4 Nf6 5. Nc3 Nc6 6. Bc4 Qb6 7. Nb3 e6 8. O-O a6 9. Bg5 Qc7 10. Bxf6 gxf6 11. Qh5 b5 12. Bd3 Bb7 13. f4 O-O-O 14. f5 Qe7 15. Qe2 d5 16. a4 b4 17. Na2 Nb8 18. c3 exf5 19. Rxf5 dxe4 20. Bc4 Rg8 21. Nxb4 Qd7 22. Raf1 Bd6 23. Bd5 Bxb4 24. Qc4+ Bc6 25. cxb4 Qa7+ 26. Kh1 Rxd5 27. Rxd5 e3 28. Nd4 e2 29. Re1 Rg4 30. Nxc6 1-0

[Event "Najdorf"]
[Site "Buenos Aires"]
[Date "1997.??.??"]
[Round "6"]
[White "Morovic Fernandez, Ivan"]
[Black "Ricardi, Pablo"]
[Result "1-0"]
[WhiteElo "2580"]
[BlackElo "2575"]
[PlyCount "51"]
[EventDate "1997.05.19"]
[Source "ChessBase"]
[SourceDate "1997.10.13"]

1. e4 c5 2. Nf3 d6 3. d4 cxd4 4. Nxd4 Nf6 5. Nc3 Nc6 6. Bc4 Qb6 7. Nxc6 bxc6 8. O-O g6 9. Be3 Qxb2 10. Bd4 Qb4 11. Bxf6 exf6 12. Qd4 Ke7 13. Rab1 Qc5 14. Nd5+ cxd5 15. Qxc5 dxc5 16. Bxd5 Ba6 17. Bxa8 Bxf1 18. Kxf1 f5 19. exf5 Bg7 20. Rb7+ Kd6 21. Rxa7 gxf5 22. Bf3 Rf8 23. a4 Bc3 24. g3 f4 25. gxf4 Bd2 26. a5 1-0

[Event "Sankt_Peterburg (zt)"]
[Site "?"]
[Date "1993.??.??"]
[Round "?"]
[White "Sokolov, A."]
[Black "Ruban, V."]
[Result "1/2-1/2"]
[WhiteElo "2555"]
[BlackElo "2595"]
[PlyCount "31"]
[EventDate "1993.??.??"]
[Source "ChessBase"]
[SourceDate "1993.02.01"]

1. e4 c5 2. Nf3 d6 3. d4 cxd4 4. Nxd4 Nf6 5. Nc3 Nc6 6. Bc4 Qb6 7. Nde2 e6 8. O-O Be7 9. a3 O-O 10. Ba2 Ne5 11. Kh1 Ned7 12. Ng3 Qc6 13. f4 Nc5 14. e5 dxe5 15. fxe5 Nfe4 16. Qg4 1/2-1/2

[Event "New York op"]
[Site "New York"]
[Date "1990.??.??"]
[Round "4"]
[White "Sokolov, Andrei"]
[Black "Khalifman, Alexander"]
[Result "0-1"]
[WhiteElo "2585"]
[BlackElo "2560"]
[PlyCount "120"]
[EventDate "1990.04.??"]
[Source "ChessBase"]

1. e4 c5 2. Nf3 d6 3. d4 cxd4 4. Nxd4 Nf6 5. Nc3 Nc6 6. Bc4 Qb6 7. Nb3 e6 8. Be3 Qc7 9. Nd2 Be7 10. O-O O-O 11. Re1 a6 12. a4 b6 13. Bf1 Ne5 14. h3 Bb7 15. f4 Ng6 16. Qe2 Bc6 17. Qf2 b5 18. axb5 axb5 19. Rxa8 Rxa8 20. Nxb5 Bxb5 21. Bxb5 Qxc2 22. f5 Qxb2 23. Bc6 Ra6 24. Bd4 Qc2 25. Bb7 Ra2 26. fxg6 Qxd2 27. gxf7+ Kxf7 28. Qxd2 Rxd2 29. Bf2 Rb2 30. Bc6 Bd8 31. e5 Bb6 32. Bxb6 Rxb6 33. Bf3 dxe5 34. Rxe5 Ke7 35. Ra5 Kd6 36. Ra7 g6 37. Kf2 e5 38. Ra4 Ke6 39. Ke3 Kf5 40. Ra5 Rb3+ 41. Kf2 h5 42. h4 Rb4 43. Kg3 Rd4 44. Ra8 Rd3 45. Kf2 e4 46. Be2 Rc3 47. Rf8 Ke5 48. Rf7 Rc2 49. g3 Nd5 50. Ke1 Nc3 51. Ba6 Rg2 52. Bc8 e3 53. Re7+ Kd4 54. Rd7+ Kc5 55. Rc7+ Kb4 56. Rb7+ Ka3 57. Rf7 e2 58. Kd2 Ne4+ 59. Ke1 Nxg3 60. Kd2 Rg1 0-1

[Event "EUCup Las Palmas-Moscow"]
[Site "Las Palmas ESP"]
[Date "1989.??.??"]
[Round "?"]
[White "Sokolov, Andrei"]
[Black "Morovic Fernandez, Ivan E"]
[Result "1/2-1/2"]
[WhiteElo "2605"]
[BlackElo "2540"]
[PlyCount "44"]
[EventDate "1989.??.??"]
[Source "www.chesslib.no"]
[SourceDate "2004.05.04"]

1. e4 c5 2. Nf3 d6 3. d4 cxd4 4. Nxd4 Nf6 5. Nc3 Nc6 6. Bc4 Qb6 7. Nxc6 bxc6 8. O-O g6 9. Bb3 Bg7 10. h3 O-O 11. Bg5 Be6 12. Re1 Rae8 13. Qd2 Nd7 14. Rad1 Ne5 15. Qe2 Bc8 16. Na4 Qa6 17. Qxa6 Bxa6 18. f4 Nd7 19. e5 d5 20. e6 fxe6 21. Rxe6 Bb5 22. Nc3 Bxc3 1/2-1/2

[Event "Viking op"]
[Site "Aaland-Stockholm"]
[Date "1997.??.??"]
[Round "?"]
[White "Fedorov, Alexei"]
[Black "Stefansson, Hannes"]
[Result "0-1"]
[WhiteElo "2600"]
[BlackElo "2545"]
[PlyCount "86"]
[EventDate "1997.08.??"]
[Source "www.chesslib.no"]
[SourceDate "2004.05.04"]

1. e4 c5 2. Nf3 d6 3. d4 cxd4 4. Nxd4 Nf6 5. Nc3 Nc6 6. Bc4 Qb6 7. Ndb5 a6 8. Be3 Qa5 9. Nd4 e6 10. Qd2 Be7 11. O-O-O Ng4 12. Kb1 Nxe3 13. fxe3 Qc7 14. Bb3 O-O 15. g4 Na5 16. h4 b5 17. g5 Bb7 18. Qg2 Nxb3 19. axb3 Qc5 20. b4 Qxb4 21. h5 Rac8 22. g6 fxg6 23. h6 Rf7 24. hxg7 Rxg7 25. Rdg1 Bf6 26. Qh3 Re8 27. Rg4 Bxd4 28. exd4 Qxd4 29. Qh4 Rf7 30. Ne2 Qf6 31. Qh3 Ref8 32. Nf4 Bxe4 33. Nh5 Qe5 34. Rxe4 Qxh5 35. Qxh5 gxh5 36. Rxe6 Rf1+ 37. Rxf1 Rxf1+ 38. Ka2 Rd1 39. Re7 Rd5 40. Ra7 h4 41. Rxa6 h3 42. Ra3 Rh5 43. Rg3+ Kf7 0-1

[Event "ch-SRB"]
[Site "Mataruska Banja SRB"]
[Date "2008.03.24"]
[Round "9"]
[White "Kovacevic, A."]
[Black "Sedlak, N."]
[Result "1-0"]
[WhiteElo "2575"]
[BlackElo "2568"]
[PlyCount "107"]
[EventDate "2008.03.15"]
[Source "www.chesslib.no"]
[SourceDate "2004.05.04"]

1. e4 c5 2. Nf3 d6 3. d4 cxd4 4. Nxd4 Nf6 5. Nc3 Nc6 6. Bc4 Qb6 7. Nb3 e6 8. Bf4 Ne5 9. Be2 Bd7 10. O-O Be7 11. Be3 Qc7 12. f4 Nc4 13. Bd4 O-O 14. Bxc4 Qxc4 15. e5 Ne8 16. exd6 Nxd6 17. Bc5 Qa6 18. Bxd6 Bxd6 19. Ne4 Qb6+ 20. Kh1 Bc6 21. Qxd6 Bxe4 22. Qxb6 axb6 23. Nd4 Rfd8 24. c3 h6 25. Kg1 Rd6 26. Kf2 f5 27. g3 Kf7 28. a3 Kf6 29. Rad1 Rad8 30. Rd2 g5 31. Rfd1 e5 32. fxe5+ Kxe5 33. Re2 h5 34. h4 g4 35. Ke3 Kf6 36. Rdd2 Ke5 37. Re1 Rd5 38. Red1 Re8 39. Ne2 Kf6 40. Nf4 Bf3+ 41. Kf2 Rde5 42. Rd6+ Kf7 43. Rd7+ Kg8 44. R1d6 Bc6 45. Rg6+ Kf8 46. Rdg7 R5e7 47. Rg8+ Kf7 48. R8g7+ Kf8 49. Rg8+ Kf7 50. R6g7+ Kf6 51. Nxh5+ Ke5 52. Rxe7+ Rxe7 53. Nf4 Rd7 54. Rg6 1-0

[Event "Groningen (open)"]
[Site "?"]
[Date "1996.??.??"]
[Round "?"]
[White "Milos, Gilberto"]
[Black "Wang, Zili"]
[Result "1-0"]
[WhiteElo "2605"]
[BlackElo "2535"]
[PlyCount "77"]
[EventDate "1996.??.??"]
[Source "ChessBase"]
[SourceDate "1996.10.01"]

1. e4 c5 2. Nf3 d6 3. d4 cxd4 4. Nxd4 Nf6 5. Nc3 Nc6 6. Bc4 Qb6 7. Nb3 e6 8. Bf4 Ne5 9. Bb5+ Bd7 10. Bxd7+ Nfxd7 11. Qe2 a6 12. O-O Be7 13. Rad1 O-O 14. Kh1 Qc7 15. Bc1 b5 16. f4 Nc4 17. Rd3 Rad8 18. Nd1 Nf6 19. Nd4 Qb7 20. Nf2 g6 21. b3 Nb6 22. e5 Nh5 23. Ng4 Ng7 24. Bb2 h5 25. Nf6+ Bxf6 26. exf6 Nf5 27. Nxf5 exf5 28. Rg3 Kh7 29. Rh3 Rh8 30. Rxh5+ gxh5 31. Qxh5+ Kg8 32. Qg5+ Kf8 33. Qg7+ Ke8 34. Re1+ Kd7 35. Re7+ Kc8 36. Rxb7 Kxb7 37. Qxf7+ Kb8 38. Bd4 Rhe8 39. Bxb6 1-0

[Event "Tan Chin Nam"]
[Site "Beijing"]
[Date "1998.06.13"]
[Round "6"]
[White "Ehlvest, Jaan"]
[Black "Ye Jiangchuan"]
[Result "1/2-1/2"]
[WhiteElo "2610"]
[BlackElo "2530"]
[PlyCount "90"]
[EventDate "1998.06.08"]
[Source "ChessBase"]
[SourceDate "1998.09.30"]

1. e4 c5 2. Nf3 d6 3. d4 cxd4 4. Nxd4 Nf6 5. Nc3 Nc6 6. Bc4 Qb6 7. Ndb5 a6 8. Be3 Qa5 9. Nd4 e6 10. O-O Be7 11. Bb3 O-O 12. f4 Bd7 13. f5 Nxd4 14. Bxd4 exf5 15. exf5 Bc6 16. Qd3 Rae8 17. Rad1 b5 18. Qg3 Nh5 19. Qf2 Qd8 20. Bd5 Bxd5 21. Nxd5 Nf6 22. Qg3 Nh5 23. Qg4 Nf6 24. Qg3 Nh5 25. Qa3 Bh4 26. Qh3 Nf6 27. Qxh4 Nxd5 28. f6 Re6 29. Qg5 Nxf6 30. Bxf6 Rxf6 31. Rxf6 Qxf6 32. Qxf6 gxf6 33. Rxd6 Rc8 34. c3 b4 35. cxb4 Rc1+ 36. Kf2 Rc2+ 37. Ke3 Rxb2 38. a3 Rxg2 39. Rxa6 Rxh2 40. b5 h5 41. a4 h4 42. Rxf6 Ra2 43. Rf2 Rxa4 44. Rb2 h3 45. b6 Ra8 1/2-1/2

[Event "Capablanca mem Elite 37th"]
[Site "Havana"]
[Date "2002.05.08"]
[Round "3"]
[White "Zapata, Alonso"]
[Black "Stefansson, Hannes"]
[Result "1-0"]
[WhiteElo "2541"]
[BlackElo "2598"]
[PlyCount "61"]
[EventDate "2002.05.06"]
[Source "ChessBase"]
[SourceDate "2002.08.12"]

1. e4 c5 2. Nf3 d6 3. d4 cxd4 4. Nxd4 Nf6 5. Nc3 Nc6 6. Bc4 Qb6 7. Nb3 e6 8. O-O Be7 9. Kh1 O-O 10. Be2 Rd8 11. Be3 Qc7 12. f4 a6 13. Na4 Nd7 14. c4 Nc5 15. Nc3 b6 16. Rc1 Bb7 17. Bf3 Nb4 18. Nd4 Bf6 19. Nde2 b5 20. cxb5 axb5 21. Nxb5 Qb6 22. Nxd6 Rxd6 23. Bxc5 Rxd1 24. Bxb6 Rxf1+ 25. Rxf1 Bxb2 26. Rd1 Nxa2 27. Rd7 Ba6 28. e5 Rc8 29. Rd2 Bxe2 30. Bxe2 Rc1+ 31. Bg1 1-0

[Event "Bad Open"]
[Site "Bad Mondorf open"]
[Date "1991.??.??"]
[Round "?"]
[White "Gurevich, Mikhail N"]
[Black "Lau, Ralf"]
[Result "1/2-1/2"]
[WhiteElo "2650"]
[BlackElo "2485"]
[PlyCount "56"]
[EventDate "1991.??.??"]
[Source "www.chesslib.no"]
[SourceDate "2004.05.04"]

1. e4 c5 2. Nf3 d6 3. d4 cxd4 4. Nxd4 Nf6 5. Nc3 Nc6 6. Bc4 Qb6 7. Nb3 e6 8. O-O Be7 9. a4 O-O 10. Kh1 Bd7 11. a5 Qc7 12. Bd3 Nb4 13. f4 e5 14. Be3 Bc6 15. Qe2 Rfe8 16. fxe5 dxe5 17. Nd2 b6 18. axb6 axb6 19. Rac1 Na2 20. Nxa2 Rxa2 21. b3 Qb7 22. Bg5 h6 23. Bh4 b5 24. Rcd1 Rd8 25. Bxf6 Bxf6 26. Nf3 Qb6 27. Qe1 Qc5 28. Qg3 g6 1/2-1/2